|
|
|
|
| LEADER |
00942nam a2200241 a 4500 |
| 001 |
1338321 |
| 008 |
100731s1980 txua 001 0 eng d |
| 010 |
|
|
|a 79053354
|
| 020 |
|
|
|a 0256022585
|
| 040 |
|
|
|a DLC
|c DLC
|d DLC
|d BD-DhAAL
|
| 082 |
0 |
0 |
|a 657
|2 19
|
| 100 |
1 |
|
|a Hermanson, Roger H.
|
| 245 |
1 |
0 |
|a Accounting principles /
|c Roger H. Hermanson, James Don Edwards, R. F. Salmonson.
|
| 260 |
|
|
|a Dallas, Tex. :
|b Business Publications,
|c 1980.
|
| 300 |
|
|
|a xii, 927 p. :
|b ill. ;
|c 25 cm.
|
| 504 |
|
|
|a Includes index.
|
| 541 |
1 |
|
|e 00001912
|
| 650 |
|
0 |
|a Accounting.
|
| 700 |
1 |
|
|a Edwards, James Don,
|e joint author.
|
| 700 |
1 |
|
|a Salmonson, R. F.
|q (Roland Frank),
|d 1922-
|e joint author.
|
| 852 |
4 |
|
|a Ayesha Abed Library
|j General shelf
|
| 999 |
|
|
|c 9375
|d 9375
|
| 952 |
|
|
|0 0
|1 0
|2 ddc
|4 0
|6 657_HER_198000000000000
|7 0
|9 12175
|a BRACUL
|b BRACUL
|c GEN
|d 2010-09-29
|g 0.00
|l 4
|m 8
|o 657 HER
|p 3010001912
|r 2013-06-03
|s 2013-06-03
|t 1
|w 2010-09-29
|y BK
|z Not price in Register
|